000 01050cam a22003257a 4500
003 CHAP
005 20220817043144.0
008 971013s1978 r 00010 d
010 _a66961
011 _a67933
035 _a77405
040 _cCHAP
090 _aFolleto 12213
100 0 0 _aAragon, Jorge.
_96457
245 0 _aNotas de números complejos
260 _aMéxico :
_bUNAM. Facultad de Ciencias. Departamento de Matemáticas,
_c1978
300 _a90 p.
490 0 _aComunicación interna notas de clase
_v; 12
590 _aBATCH-UPD
_b10
_c20130110
_lUCH01
_h0336
590 _aBATCH-UPD
_b10
_c20130110
_lUCH01
_h2136
590 _aBATCH-UPD
_b10
_c20130410
_lUCH01
_h0009
590 _aBATCH-UPD
_b10
_c20130410
_lUCH01
_h1645
590 _aBATCH-UPD
_b10
_c20130914
_lUCH01
_h1023
590 _aCONVERSION
_b10
_c20130109
_lUCH01
_h1337
650 1 4 _aNúmeros complejos.
_981908
830 0 _aComunicación interna - Notas de clase
_v; 12
901 _aBK
942 _cFOLL
949 _aFolleto 12213
_bBC
_cFOLL
_d-30274
_eTS1
_i77405
_si
999 _c66961
_d66961